On the possible deconstruction of the Swedish drug policy
Sweden has the strictest drug policy among the Nordic countries. The debate for a change has clearly increased in the last years and public authorities have come out in favour of evaluating the effects of criminalization of use. The government, however, sticks to “Sweden drug-free society” and incre...
| Autor principal: | |
|---|---|
| Tipo de documento: | Print Artículo |
| Lenguaje: | Inglés |
| Publicado: |
2021
|
| En: |
Retreat or entrenchment?
Año: 2021, Páginas: 129-158 |
| Verificar disponibilidad: | HBZ Gateway |
| Palabras clave: |
MARC
| LEADER | 00000caa a2200000 c 4500 | ||
|---|---|---|---|
| 001 | 194098369X | ||
| 003 | DE-627 | ||
| 005 | 20260130132105.0 | ||
| 007 | tu | ||
| 008 | 251112s2021 xx ||||| 00| ||eng c | ||
| 020 | |a 9789176351635 | ||
| 035 | |a (DE-627)194098369X | ||
| 035 | |a (DE-599)KXP194098369X | ||
| 040 | |a DE-627 |b ger |c DE-627 |e rda | ||
| 041 | |a eng | ||
| 084 | |a 2,1 |2 ssgn | ||
| 100 | 1 | |a Tham, Henrik |d 1942- |e VerfasserIn |0 (DE-588)1238386210 |0 (DE-627)1765888360 |4 aut | |
| 109 | |a Tham, Henrik 1942- | ||
| 245 | 1 | 0 | |a On the possible deconstruction of the Swedish drug policy |c Henrik Tham |
| 264 | 1 | |c 2021 | |
| 300 | |b Diagramme | ||
| 336 | |a Text |b txt |2 rdacontent | ||
| 337 | |a ohne Hilfsmittel zu benutzen |b n |2 rdamedia | ||
| 338 | |a Band |b nc |2 rdacarrier | ||
| 500 | |a Literaturverzeichnis: Seite 152-158 | ||
| 520 | |a Sweden has the strictest drug policy among the Nordic countries. The debate for a change has clearly increased in the last years and public authorities have come out in favour of evaluating the effects of criminalization of use. The government, however, sticks to “Sweden drug-free society” and increases penalization. | ||
| 689 | 0 | 0 | |d g |0 (DE-588)4077258-5 |0 (DE-627)106080733 |0 (DE-576)209204486 |a Schweden |2 gnd |
| 689 | 0 | 1 | |d s |0 (DE-588)4140775-1 |0 (DE-627)105625388 |0 (DE-576)209705663 |a Drogenpolitik |2 gnd |
| 689 | 0 | 2 | |d s |0 (DE-588)4198658-1 |0 (DE-627)105187038 |0 (DE-576)210123443 |a Drogenkonsum |2 gnd |
| 689 | 0 | 3 | |d s |0 (DE-588)4297774-5 |0 (DE-627)104135018 |0 (DE-576)211003964 |a Problembewusstsein |2 gnd |
| 689 | 0 | 4 | |d s |0 (DE-588)4032589-1 |0 (DE-627)104529520 |0 (DE-576)208997628 |a Kosten-Nutzen-Analyse |2 gnd |
| 689 | 0 | 5 | |d s |0 (DE-588)4215788-2 |0 (DE-627)105054402 |0 (DE-576)210227044 |a Kriminalisierung |2 gnd |
| 689 | 0 | 6 | |d s |0 (DE-588)1342332555 |0 (DE-627)1902814347 |a Schadensminimierung |2 gnd |
| 689 | 0 | |5 (DE-627) | |
| 773 | 0 | 8 | |i Enthalten in |t Retreat or entrenchment? |d Stockholm : Stockholm University Press, 2021 |g (2021), Seite 129-158 |h 308 Seiten |w (DE-627)1786452804 |z 9789176351635 |7 nnam |
| 773 | 1 | 8 | |g year:2021 |g pages:129-158 |
| 776 | 1 | |o 10.16993/bbo.f. | |
| 951 | |a AR | ||
| ELC | |b 1 | ||
| LOK | |0 000 xxxxxcx a22 zn 4500 | ||
| LOK | |0 001 4803532184 | ||
| LOK | |0 003 DE-627 | ||
| LOK | |0 004 194098369X | ||
| LOK | |0 005 20251112113159 | ||
| LOK | |0 008 251112||||||||||||||||ger||||||| | ||
| LOK | |0 040 |a DE-2619 |c DE-627 |d DE-2619 | ||
| LOK | |0 092 |o n | ||
| LOK | |0 852 |a DE-2619 | ||
| LOK | |0 852 1 |9 00 | ||
| LOK | |0 939 |a 12-11-25 |b l01 | ||
| ORI | |a SA-MARC-krimdoka001.raw | ||
